LEADER 01062nab a2200181 i 4500 001 000000334330 003 CaOOAMICUS 005 20190625165305.0 008 190625e2019 it br u0 0mul r 013 $a48839 040 $aSeMil$bita 245 10$aFascicolo 910. 246 05$aLa lunetta di Santa Sofia a Benevento ; Tommaso Maria Conca e Placido Costanzi ; Il Crocifisso di San Frediano a Pisa ; Cristoforo Giussani. Tabelloni reliquiari a Catania ; Dieric Bouts ; Notre-Dame de Pentecôote à la Défense. - Titoli dalla copertina. 500 $aGennaio-Febbraio 2019 (N. 910). 773 0 $t[2019 : fascicoli 910-].$dMilano : Scuola Beato Angelico, copyr. 2019.$w()334309 996 $6245$aFascicolo 910$9(OLS)http://semarc/title/424015 996 $6246$aLa lunetta di Santa Sofia a Benevento ; Tommaso Maria Conca e Placido Costanzi ; Il Crocifisso di San Frediano a Pisa ; Cristoforo Giussani. Tabelloni reliquiari a Catania ; Dieric Bouts ; Notre-Dame de Pentecôote à la Défense. - Titoli dalla copertina.$9(OLS)http://semarc/title/424016 LEADER 00650nab a2200145 i 4500 001 000000282409 003 CaOOAMICUS 005 20141104000000.0 008 141104n xx uu u0 0und r 013 $a35249 040 $aSeMil$bita 245 12$aL'Italia Libera :$bOrgano del Partito d'Azione. Numero straordinario. - Riproduzione anastatica del 22 Novembre 1944. 700 1 $aPartito d'azione.$0(OLS)http://semarc/name/84401 773 0 $tGiornali della Resistenza.$d[S.l. : s.n.], 1995$w()235326 996 $6245$aL'Italia Libera :$bOrgano del Partito d'Azione. Numero straordinario. - Riproduzione anastatica del 22 Novembre 1944.$9(OLS)http://semarc/title/364476